Estadísticas para Municipios de la Comunidad de Madrid

Haz click aquí para intentar la prueba.

Estadísticas generales

  • Esta prueba ha sido intentada 385 veces
  • La puntuación promedio es 51 de 180

Estadísticas de respuestas

Respuesta% Correcto
Madrid
91%
Getafe
89%
Móstoles
84%
Leganés
81%
Alcalá de Henares
80%
Alcorcón
78%
Fuenlabrada
76%
Pinto
75%
Aranjuez
73%
Alcobendas
71%
Valdemoro
70%
Torrejón de Ardoz
69%
Parla
68%
Pozuelo de Alarcón
67%
Las Rozas de Madrid
66%
Majadahonda
66%
Coslada
64%
San Sebastián de los Reyes
62%
Buitrago de Lozoya
61%
Rivas Vaciamadrid
61%
El Escorial
58%
Arganda del Rey
57%
Colmenar Viejo
57%
Chinchón
56%
Collado Villalba
56%
Boadilla del Monte
55%
Torrelodones
55%
Navacerrada
53%
Guadarrama
50%
Cercedilla
48%
Navalcarnero
48%
Tres Cantos
48%
Brea de Tajo
47%
Torremocha de Jarama
46%
Paracuellos del Jarama
45%
Guadalix de la Sierra
44%
Brunete
43%
Algete
42%
San Martín de Valdeiglesias
42%
Ciempozuelos
41%
Galapagar
41%
Meco
41%
San Fernando de Henares
40%
Villaviciosa de Odón
39%
Humanes de Madrid
38%
San Martín de la Vega
37%
Villanueva de la Cañada
37%
Arroyomolinos
35%
Collado Mediano
34%
Morata de Tajuña
34%
Ajalvir
33%
Alpedrete
33%
Colmenar de Oreja
33%
Valdemorillo
33%
Griñón
32%
Loeches
32%
Lozoya
32%
Manzanares el Real
32%
San Agustín de Guadalix
32%
Somosierra
32%
Patones
31%
Soto del Real
31%
Rascafría
30%
Colmenarejo
29%
Villanueva del Pardillo
29%
Estremera
28%
Los Molinos
28%
Mejorada del Campo
28%
Miraflores de la Sierra
28%
Torrejón de la Calzada
28%
Aldea del Fresno
27%
El Molar
27%
Moralzarzal
27%
Villaconejos
27%
Hoyo de Manzanares
26%
Loyozuela - Navas - Sieteiglesias
26%
Becerril de la Sierra
25%
Cobeña
25%
Daganzo de Arriba
25%
Sevilla la Nueva
25%
Torrelaguna
25%
Cenicientos
24%
Perales de Tajuña
24%
Robledo de Chavela
24%
El Álamo
23%
El Boalo
23%
La Cabrera
23%
Nuevo Baztán
23%
San Lorenzo de El Escorial
23%
Campo Real
22%
Titulcia
22%
Torrejón de Velasco
22%
Bustarviejo
21%
Chapinería
21%
Villamanta
21%
Villarejo de Salvanés
20%
Batres
19%
Cadalso de los Vidrios
19%
Casarrubuelos
19%
El Berrueco
19%
Fuentidueña de Tajo
19%
Moraleja de Enmedio
19%
Belmonte de Tajo
18%
Pelayos de la Presa
18%
Villamantilla
18%
Zarzalejo
18%
Ambite
17%
Cubas de la Sagra
17%
El Atazar
17%
La Hiruela
17%
Navalagamella
17%
Quijorna
17%
Torres de la Alameda
17%
Velilla de San Antonio
17%
Canencia
16%
Colmenar del Arroyo
16%
El Vellón
16%
Fuente el Saz de Jarama
16%
La Acebeda
16%
Navas del Rey
16%
Pozuelo del Rey
16%
Tielmes
16%
Villalbilla
16%
Camarma de Esteruelas
15%
Talamanca del Jarama
15%
Villa del Prado
15%
Alameda del Valle
14%
Anchuelo
14%
Carabaña
14%
Madarcos
14%
Montejo de la Sierra
14%
Navalafuente
14%
Santa María de la Alameda
14%
Villanueva de Perales
14%
Braojos
13%
Fresnedillas de la Oliva
13%
Gargantilla del Lozoya y Pinilla de Buitrago
13%
Horcajo de la Sierra
13%
Horcajuelo de la Sierra
13%
Orusco de Tajuña
13%
Valdelaguna
13%
Cabanillas de la Sierra
12%
Corpa
12%
Los Santos de la Humosa
12%
Navarredonda y San Mamés
12%
Pinilla del Valle
12%
Ribatejada
12%
Rozas de Puerto Real
12%
Serranillos del Valle
12%
Fresno de Torote
11%
Gascones
11%
Pedrezuela
11%
Robregordo
11%
Valdemanco
11%
Valdetorres del Jarama
11%
Venturada
11%
Berzosa de Lozoya
10%
Garganta de los Montes
10%
Puebla de la Sierra
10%
Valdilecha
10%
Villamanrique de Tajo
10%
Cervera de Buitrago
9%
Pezuela de las Torres
9%
Puentes Viejas
9%
Valverde de Alcalá
9%
Santorcaz
7%
Valdeavero
7%
Valdemaqueda
7%
Villavieja de Lozoya
7%
La Serna del Monte
6%
Piñuecar - Gandullas
6%
Redueña
6%
Robledillo de la Jara
6%
Valdepiélagos
6%
Prádena del Rincón
5%
Valdaracete
5%
Valdeolmos - Alalpardo
5%
Villar del Olmo
5%
Manjirón
4%
Olmeda de las Fuentes
3%

Distribución de puntuación

Porcentaje por número respondido

Porcentaje de gente con cada puntuación

Historial de tus puntuaciones

No has intentado esta prueba.